National Building code of India 2016 Vol 2 (Record no. 6340)
[ view plain ]
| 000 -LEADER | |
|---|---|
| fixed length control field | 00272nam a2200109Ia 4500 |
| 008 - FIXED-LENGTH DATA ELEMENTS--GENERAL INFORMATION | |
| fixed length control field | 200302s9999 xx 000 0 und d |
| 100 ## - MAIN ENTRY--PERSONAL NAME | |
| Personal name | B I S |
| 245 ## - TITLE STATEMENT | |
| Title | National Building code of India 2016 Vol 2 |
| 260 ## - PUBLICATION, DISTRIBUTION, ETC. | |
| Name of publisher, distributor, etc. | Bureau of Indian Standards |
| 260 ## - PUBLICATION, DISTRIBUTION, ETC. | |
| Date of publication, distribution, etc. | 2016 |
| 300 ## - PHYSICAL DESCRIPTION | |
| Extent | 467 |
| Withdrawn status | Lost status | Damaged status | Not for loan | Permanent Location | Current Location | Date acquired | Cost, normal purchase price | Total Checkouts | Full call number | Barcode | Date last seen | Date last checked out | Price effective from | Koha item type | Source of classification or shelving scheme |
|---|---|---|---|---|---|---|---|---|---|---|---|---|---|---|---|
| BMS College of Architecture, Design and Planning | BMS College of Architecture, Design and Planning | 2020-03-03 | 2752.00 | 2 | 343.54078 | AR-UG242 | 2024-07-30 | 2024-07-30 | 2020-03-03 | UG Books | |||||
| BMS College of Architecture, Design and Planning | BMS College of Architecture, Design and Planning | 2021-02-23 | 4 | 343.54078 | AR-UG2151 | 2026-01-06 | 2026-01-06 | 2021-02-23 | UG Books |